Manual de caminos que comprende su trazado, construcción y conservación / (Record no. 169144)

MARC details
000 -LEADER
campo de control de longitud fija 00699nam a22001935i 4500
001 - NÚMERO DE CONTROL
campo de control 169144
003 - IDENTIFICADOR DE NÚMERO DE CONTROL
campo de control ES-MaACL
005 - FECHA Y HORA DE LA ÚLTIMA TRANSACCIÓN
campo de control 20230906214017.0
008 - DATOS DE LONGITUD FIJA--INFORMACIÓN GENERAL
campo de control de longitud fija 080819s1858 sp |||| | spa d
080 ## - NÚMERO DE LA CLASIFICACIÓN DECIMAL UNIVERSAL
Número de la Clasificación Decimal Universal 625.7/8
100 1# - ENTRADA PRINCIPAL--NOMBRE DE PERSONA
Nombre de persona Espinosa, P. C.
9 (RLIN) 47897
245 10 - MENCIÓN DEL TÍTULO
Título Manual de caminos que comprende su trazado, construcción y conservación /
Mención de responsabilidad, etc. por D. C. P. Espinosa.
250 ## - MENCION DE EDICION
Mención de edición 2ª ed.
260 ## - PUBLICACIÓN, DISTRIBUCIÓN, ETC.
Lugar de publicación, distribución, etc. Madrid :
Nombre del editor, distribuidor, etc. [s.n.],
Fecha de publicación, distribución, etc. 1858 (
Fabricante Imp. del Colegio de Sordo-mudos y de Ciegos)
300 ## - DESCRIPCIÓN FÍSICA
Extensión [4], 485, XXI p., [8] h. de lám. pleg. ;
Dimensiones 22 cm.
650 14 - PUNTO DE ACCESO ADICIONAL DE MATERIA--TÉRMINO DE MATERIA
Término de materia o nombre geográfico como elemento de entrada Carreteras-
Subdivisión general Mantenimiento.
9 (RLIN) 138210
650 #4 - PUNTO DE ACCESO ADICIONAL DE MATERIA--TÉRMINO DE MATERIA
Término de materia o nombre geográfico como elemento de entrada Carreteras-
Subdivisión general Diseño y construcción.
9 (RLIN) 165965
852 ## - LOCALIZACIÓN
Ubicación ES-MaACL
Número de control de estantería F-11503
itemnumber R.143618
Holdings
Estatus retirado Estado de pérdida Estado de daño No para préstamo Colección Biblioteca de origen Biblioteca actual Ubicación en estantería Fecha de adquisición Fuente de adquisición Total de préstamos Signatura topográfica completa Código de barras Visto por última vez Precio de reemplazo Tipo de ítem Koha
        Libros del s. XIX Biblioteca del Ateneo de Madrid Biblioteca del Ateneo de Madrid Sala Pecera Planta 2 19/08/2008     F-11503 1177585 23/02/2023 23/02/2023 Libro impreso antiguo